Ram c/o anandhi/ (Record no. 181310)

000 -LEADER
fixed length control field 00470nam a22001817a 4500
020 ## - INTERNATIONAL STANDARD BOOK NUMBER
ISBN 9789354899959
082 ## - DEWEY DECIMAL CLASSIFICATION NUMBER
Classification number 823(ITr.)
Item number AKH/R
100 ## - MAIN ENTRY--AUTHOR NAME
Personal name Akhil P. Dharmajan
245 ## - TITLE STATEMENT
Title Ram c/o anandhi/
Statement of responsibility, etc by Akhil P. Dharmajan
260 ## - PUBLICATION, DISTRIBUTION, ETC. (IMPRINT)
Place of publication Haryana:
Name of publisher HarperCollins,
Year of publication 2025.
300 ## - PHYSICAL DESCRIPTION
Number of Pages 303p.
650 ## - SUBJECT ADDED ENTRY--TOPICAL TERM
Topical Term Translation Malayalam Novel
650 ## - SUBJECT ADDED ENTRY--TOPICAL TERM
Topical Term Novel English
650 ## - SUBJECT ADDED ENTRY--TOPICAL TERM
Topical Term Literature English
650 ## - SUBJECT ADDED ENTRY--TOPICAL TERM
Topical Term Literature
700 ## - ADDED ENTRY--PERSONAL NAME
Personal name Haritha C. K(tr.)
942 ## - ADDED ENTRY ELEMENTS (KOHA)
Koha item type Book
Holdings
Withdrawn status Lost status Damaged status Not for loan Permanent Location Current Location Shelving location Date acquired Cost, normal purchase price Full call number Accession Number Price effective from Koha item type
        Sree Sankaracharya University of Sanskrit Sree Sankaracharya University of Sanskrit Stacks 24.04.2026 399.00 823(ITr.) AKH/R 107926 24.04.2026 Book